Contemporary Economic Issues in Pakistan (Record no. 2586)

MARC details
000 -LEADER
fixed length control field 00365nam a2200145Ia 4500
008 - FIXED-LENGTH DATA ELEMENTS--GENERAL INFORMATION
fixed length control field 230312s9999||||xx |||||||||||||| ||und||
082 ## - DEWEY DECIMAL CLASSIFICATION NUMBER
Classification number 330.95491
Item number ASL
100 ## - MAIN ENTRY--PERSONAL NAME
Personal name Dr. Muhammad Aslam
245 #0 - TITLE STATEMENT
Title Contemporary Economic Issues in Pakistan
260 ## - PUBLICATION, DISTRIBUTION, ETC.
Name of publisher, distributor, etc. Allied Book Centre
Place of publication, distribution, etc. Lahore
Date of publication, distribution, etc. 2005
300 ## - PHYSICAL DESCRIPTION
Extent 439
546 ## - LANGUAGE NOTE
Language note Eng.
650 ## - SUBJECT ADDED ENTRY--TOPICAL TERM
Topical term or geographic name entry element Economics
942 ## - ADDED ENTRY ELEMENTS (KOHA)
Koha item type BOOK

No items available.

Powered by Koha